[Event "20th NATO Chess Ch"]
[Site "Hammelburg"]
[Date "2009.06.15"]
[Round "1.1"]
[White "Nielsen, Jan Mose"]
[Black "Schenk, Andreas"]
[Result "0-1"]
[WhiteElo "2099"]
[BlackElo "2507"]
[PlyCount "96"]
[EventDate "2009.06.??"]
[EventType "swiss"]
[EventRounds "7"]
[EventCountry "GER"]
[SourceDate "2000.01.03"]

1. d4 d5 2. c4 e6 3. Nc3 c6 4. cxd5 exd5 5. Bf4 Bf5 6. e3 Qb6 7. Qd2 Nf6 8. a3
Nbd7 9. Be2 Be7 10. Nf3 O-O 11. h3 a5 12. O-O Rfc8 13. Rfc1 Qd8 14. Bd3 Bxd3
15. Qxd3 a4 16. Rc2 h6 17. Rac1 Nb6 18. Nd2 Qd7 19. Ne2 Ne8 20. Kf1 Ra5 21. Ng1
Nd6 22. Ngf3 Qe6 23. Ne5 Raa8 24. b4 axb3 25. Qxb3 Nb5 26. Nb1 Bxa3 27. Nxa3
Rxa3 28. Qb4 Ra4 29. Qb3 Raa8 30. Qb4 Nd7 31. Nd3 Re8 32. Nc5 Nxc5 33. Rxc5 Ra6
34. Kg1 Rea8 35. Qe1 Ra4 36. Qd1 Ra2 37. R5c2 R2a7 38. Qh5 Na3 39. Rb2 Nc4 40.
Rbb1 b5 41. Qd1 Qg6 42. Ra1 Ra4 43. Rab1 Kh7 44. h4 Qf5 45. g4 Qg6 46. h5 Qe6
47. Qd3+ Kg8 48. Qd1 Ra2 0-1

[Event "20th NATO Chess Ch"]
[Site "Hammelburg"]
[Date "2009.06.15"]
[Round "1.2"]
[White "Drabke, Lorenz"]
[Black "Kilic, Mehmet"]
[Result "1-0"]
[WhiteElo "2469"]
[BlackElo "2096"]
[PlyCount "53"]
[EventDate "2009.06.??"]
[EventType "swiss"]
[EventRounds "7"]
[EventCountry "GER"]
[SourceDate "2000.01.03"]

1. e4 c5 2. Nf3 Nc6 3. Bb5 g6 4. Bxc6 bxc6 5. O-O Bg7 6. Re1 Nf6 7. e5 Nd5 8.
c4 Nc7 9. d4 cxd4 10. Qxd4 O-O 11. Qh4 Ne6 12. Bh6 f6 13. Bxg7 Nxg7 14. exf6
exf6 15. Nc3 d6 16. Rad1 Rb8 17. b3 Rb7 18. Qf4 Rd7 19. Nd4 Bb7 20. Ne6 Nxe6
21. Rxe6 d5 22. Qd4 Re8 23. Rxe8+ Qxe8 24. Ne4 c5 25. Nxf6+ Kf7 26. Qf4 g5 27.
Qf5 1-0

[Event "20th NATO Chess Ch"]
[Site "Hammelburg"]
[Date "2009.06.15"]
[Round "1.3"]
[White "Szczesniak, Andrzej"]
[Black "Hole, Oystein"]
[Result "1/2-1/2"]
[WhiteElo "2087"]
[BlackElo "2401"]
[PlyCount "104"]
[EventDate "2009.06.??"]
[EventType "swiss"]
[EventRounds "7"]
[EventCountry "GER"]
[SourceDate "2000.01.03"]

1. e4 c6 2. c4 d5 3. exd5 cxd5 4. cxd5 Nf6 5. Bb5+ Nbd7 6. Nc3 g6 7. d4 Bg7 8.
d6 exd6 9. Qe2+ Qe7 10. Bf4 Qxe2+ 11. Bxe2 Ke7 12. Bf3 Nb6 13. Nge2 d5 14. O-O
Bg4 15. Bxg4 Nxg4 16. h3 Nf6 17. Rfe1 Rhd8 18. Rac1 Rd7 19. b3 Kf8 20. Be5 Ne4
21. Bxg7+ Kxg7 22. f3 Nxc3 23. Nxc3 Rc8 24. Ne2 Rdc7 25. Rxc7 Rxc7 26. Rc1
Rxc1+ 27. Nxc1 Nc8 28. Ne2 Ne7 29. Kf2 g5 30. f4 Kg6 31. g3 h6 32. Ke3 f5 33.
Nc3 h5 34. Ne2 g4 35. h4 Kf6 36. Kd3 Nc8 37. Nc3 Ke6 38. Nb5 Kd7 39. Nc3 Kc6
40. Ne2 Nd6 41. Kc2 Ne4 42. Kb2 Kb5 43. Nc3+ Ka5 44. Ne2 Kb4 45. a3+ Kb5 46.
Nc3+ Nxc3 47. Kxc3 a6 48. Kd3 a5 49. Kc3 a4 50. b4 b6 51. Kd3 Kc6 52. Kc3 b5
1/2-1/2

[Event "20th NATO Chess Ch"]
[Site "Hammelburg"]
[Date "2009.06.15"]
[Round "1.4"]
[White "De Haan, Eric"]
[Black "Toll, Alec"]
[Result "1/2-1/2"]
[WhiteElo "2353"]
[BlackElo "2084"]
[PlyCount "105"]
[EventDate "2009.06.??"]
[EventType "swiss"]
[EventRounds "7"]
[EventCountry "GER"]
[SourceDate "2000.01.03"]

1. d4 d5 2. c4 c6 3. Nf3 Nf6 4. Nc3 g6 5. Bf4 Nbd7 6. e3 Bg7 7. Qb3 Qb6 8. c5
Qxb3 9. axb3 O-O 10. b4 Ne8 11. Be2 f6 12. O-O e5 13. Bg3 e4 14. Nd2 f5 15. Bf4
h6 16. h4 Kh7 17. f3 Bf6 18. fxe4 fxe4 19. Bg3 Be7 20. b5 Ng7 21. bxc6 bxc6 22.
Rxf8 Nxf8 23. Bf2 Nfe6 24. b4 Nf5 25. Nb3 Bxh4 26. Bxh4 Nxh4 27. b5 cxb5 28.
Nxd5 Bb7 29. Nb4 Nf5 30. d5 Nd8 31. Kf2 a6 32. c6 Bc8 33. Bxb5 Nd6 34. Bxa6
Bxa6 35. Rxa6 Rxa6 36. Nxa6 N8f7 37. Nbc5 Ne5 38. Ke2 Nec4 39. c7 Nb6 40. Nb4
Kg8 41. Kf2 Kf7 42. Kg3 g5 43. Kg4 Kg6 44. Ne6 h5+ 45. Kg3 Kf6 46. Kf2 Kf5 47.
Ke2 h4 48. Kd2 g4 49. Ke2 Ke5 50. Nd4 Ndc8 51. Nb5 Nxd5 52. Nc6+ Ke6 53. Ncd4+
{Notation not complete; draw after 58 moves!} 1/2-1/2

[Event "20th NATO Chess Ch"]
[Site "Hammelburg"]
[Date "2009.06.15"]
[Round "1.5"]
[White "Cheung, Jan"]
[Black "Wantiez, Fabrice"]
[Result "0-1"]
[WhiteElo "2080"]
[BlackElo "2339"]
[PlyCount "98"]
[EventDate "2009.06.??"]
[EventType "swiss"]
[EventRounds "7"]
[EventCountry "GER"]
[SourceDate "2000.01.03"]

1. d4 Nf6 2. c4 g6 3. Nc3 d5 4. cxd5 Nxd5 5. e4 Nxc3 6. bxc3 Bg7 7. Nf3 c5 8.
Rb1 O-O 9. Be2 cxd4 10. cxd4 Qa5+ 11. Bd2 Qxa2 12. O-O Qe6 13. Qc2 Qd6 14. Bb4
Qd8 15. d5 b6 16. Qa2 Re8 17. e5 a5 18. Ba3 Ba6 19. Bb5 Bxb5 20. Rxb5 e6 21.
Rfb1 Nd7 22. d6 Rc8 23. Qe2 Rc6 24. Nd4 Rc3 25. Bb2 Rc5 26. Nb3 Rd5 27. f4 f6
28. Rxd5 exd5 29. e6 a4 30. Nd4 Nc5 31. d7 Nxd7 32. Nc6 Qc7 33. exd7 Rxe2 34.
d8=Q+ Qxd8 35. Nxd8 Re4 36. Nc6 Bf8 37. Rd1 Rxf4 38. Bd4 b5 39. g3 Re4 40. Bxf6
Re6 41. Nd4 Rxf6 42. Nxb5 Bc5+ 43. Kh1 d4 44. Rd2 Rb6 45. Nc7 a3 46. Nd5 Rb1+
47. Kg2 Rb2 48. Nf6+ Kg7 49. Ne4 Bb4 0-1

[Event "20th NATO Chess Ch"]
[Site "Hammelburg"]
[Date "2009.06.15"]
[Round "1.6"]
[White "Vaznonis, Vytautas"]
[Black "Wagenaar, Harm Theo"]
[Result "1-0"]
[WhiteElo "2338"]
[BlackElo "2070"]
[PlyCount "62"]
[EventDate "2009.06.??"]
[EventType "swiss"]
[EventRounds "7"]
[EventCountry "GER"]
[SourceDate "2000.01.03"]

1. d4 d5 2. c4 c6 3. Nf3 Nf6 4. e3 e6 5. Bd3 Nbd7 6. O-O Bd6 7. Nbd2 O-O 8. e4
dxe4 9. Nxe4 Nxe4 10. Bxe4 h6 11. Re1 Nf6 12. Bc2 c5 13. b3 b6 14. Bb2 Bb7 15.
Qd3 Bxf3 16. dxc5 Bxc5 17. Qxf3 Be7 18. Rad1 Qc7 19. Be5 Qc8 20. Qg3 a6 21. Rd4
Rd8 22. Red1 Rxd4 23. Rxd4 Qf8 24. Qd3 g6 25. Qf3 Nh7 26. Qb7 Bc5 27. Rd7 f6
28. Bxg6 fxe5 29. Bxh7+ Kh8 30. Rf7 Qd8 31. Bc2 Qg8 1-0

[Event "20th NATO Chess Ch"]
[Site "Hammelburg"]
[Date "2009.06.15"]
[Round "1.7"]
[White "Kedzierski, Slawomir"]
[Black "Helbig, Mark"]
[Result "1/2-1/2"]
[WhiteElo "2069"]
[BlackElo "2337"]
[PlyCount "104"]
[EventDate "2009.06.??"]
[EventType "swiss"]
[EventRounds "7"]
[EventCountry "GER"]
[SourceDate "2000.01.03"]

1. d4 d5 2. Nf3 Nf6 3. c4 c6 4. Nc3 e6 5. cxd5 exd5 6. Bg5 h6 7. Bh4 Be7 8. e3
Bf5 9. Bd3 Bxd3 10. Qxd3 Nbd7 11. O-O O-O 12. a3 Re8 13. Rab1 a5 14. b4 axb4
15. axb4 Ra3 16. Qc2 Qb6 17. Na4 Qa7 18. Nc5 Nf8 19. Ne5 Bxc5 20. Qxc5 Ne4 21.
Qxa7 Rxa7 22. Ra1 Rea8 23. Rxa7 Rxa7 24. f3 Nc3 25. Re1 f6 26. Nd3 Ra2 27. Kf1
Rd2 28. Nc5 b6 29. Na6 Rc2 30. Bg3 Nd7 31. Ra1 Na2 32. Rb1 b5 33. Be1 Nb6 34.
Nc5 Nc4 35. Rb3 Rc1 36. Kf2 Rc2+ 37. Kf1 Nc1 38. Rc3 Rxc3 39. Bxc3 Nxe3+ 40.
Kg1 Nc2 41. Kf2 Na2 42. Bb2 Ncxb4 43. Ke2 Kf7 44. Kd2 Kg6 45. Ba3 Kf5 46. g3 g5
47. Bxb4 Nxb4 48. Kc3 g4 49. f4 Na2+ 50. Kb2 Nb4 51. Kc3 Na2+ 52. Kb2 Nb4
1/2-1/2

[Event "20th NATO Chess Ch"]
[Site "Hammelburg"]
[Date "2009.06.15"]
[Round "1.8"]
[White "Garret, Pieta"]
[Black "Ivoskaite, Diana"]
[Result "1-0"]
[WhiteElo "2326"]
[BlackElo "2056"]
[PlyCount "99"]
[EventDate "2009.06.??"]
[EventType "swiss"]
[EventRounds "7"]
[EventCountry "GER"]
[SourceDate "2000.01.03"]

1. d4 d5 2. c4 c6 3. Nc3 Nf6 4. Nf3 dxc4 5. Ne5 Bf5 6. f3 e6 7. e4 Bg6 8. Bxc4
Nbd7 9. Qc2 Nxe5 10. dxe5 Nd7 11. f4 Bb4 12. h4 Nc5 13. f5 Qd4 14. fxg6 Qxc4
15. gxf7+ Kf8 16. Rh3 Rd8 17. Bg5 Rd7 18. Rd1 Rd4 19. a3 Rxd1+ 20. Qxd1 Bxc3+
21. Rxc3 Qxe4+ 22. Kf1 h6 23. Qd8+ Kxf7 24. Qxh8 Nd3 25. Bd2 Qf5+ 26. Ke2 Qe4+
27. Be3 Nf4+ 28. Kd1 Nd5 29. Bd2 Qb1+ 30. Ke2 Qe4+ 31. Kf1 Nxc3 32. Bxc3 Qf5+
33. Kg1 Qb1+ 34. Kh2 Qf1 35. Qd8 Qf4+ 36. Kg1 Qe3+ 37. Kf1 Qc1+ 38. Ke2 Qc2+
39. Qd2 Qe4+ 40. Qe3 Qxg2+ 41. Qf2+ Qxf2+ 42. Kxf2 Kg6 43. Bb4 Kh5 44. Kg3 g5
45. Be1 b6 46. hxg5 hxg5 47. b4 g4 48. Kf4 a6 49. Kg3 c5 50. bxc5 1-0

[Event "20th NATO Chess Ch"]
[Site "Hammelburg"]
[Date "2009.06.15"]
[Round "1.9"]
[White "Mottais, Francois"]
[Black "Pedersen, Finn"]
[Result "0-1"]
[WhiteElo "2054"]
[BlackElo "2287"]
[PlyCount "126"]
[EventDate "2009.06.??"]
[EventType "swiss"]
[EventRounds "7"]
[EventCountry "GER"]
[SourceDate "2000.01.03"]

1. d4 d5 2. c4 c6 3. Nc3 dxc4 4. e4 b5 5. Nf3 Bg4 6. a4 b4 7. Na2 Bxf3 8. Qxf3
Qxd4 9. Nxb4 Nf6 10. Nc2 Qxe4+ 11. Qxe4 Nxe4 12. Bxc4 Nd6 13. Be2 Nd7 14. Nd4
Rc8 15. Ba6 Rc7 16. Bd2 Nc5 17. Be2 e5 18. Ba5 Rc8 19. b4 Ncb7 20. Nb3 Nxa5 21.
Nxa5 Nf5 22. Rb1 Nd4 23. Bd3 Rb8 24. b5 cxb5 25. axb5 Bc5 26. O-O O-O 27. Rfc1
Bb6 28. Nc6 Rbe8 29. Re1 f6 30. Ra1 Nxc6 31. bxc6 Kf7 32. Bf5 Rd8 33. Bd7 Ke7
34. Rad1 g6 35. Kf1 Bc7 36. Ra1 Ra8 37. Reb1 Bb6 38. Rd1 Bd4 39. Ra6 Kd6 40.
Rb1 Rfb8 41. Rb7 Bb6 42. g4 Rxb7 43. cxb7 Rd8 44. Bc8 Kc7 45. Ke2 Rd4 46. f3
Kb8 47. Ra2 Rf4 48. Ra3 Rb4 49. Rd3 Bd4 50. Rd2 h5 51. h3 h4 52. Ra2 Rb1 53.
Rc2 Rh1 54. Rc6 Rxh3 55. Rxf6 e4 56. Rf4 exf3+ 57. Rxf3 Rxf3 58. Kxf3 g5 59.
Bf5 Kxb7 60. Ke4 Bf6 61. Kd3 Kc6 62. Kc4 Kd6 63. Kd3 a5 0-1

[Event "20th NATO Chess Ch"]
[Site "Hammelburg"]
[Date "2009.06.15"]
[Round "1.10"]
[White "Kertesz, Alfred"]
[Black "Pedersen, Lars Erik"]
[Result "1-0"]
[WhiteElo "2270"]
[BlackElo "2049"]
[PlyCount "55"]
[EventDate "2009.06.??"]
[EventType "swiss"]
[EventRounds "7"]
[EventCountry "GER"]
[SourceDate "2000.01.03"]

1. d4 d5 2. Nf3 e6 3. c4 c5 4. cxd5 exd5 5. Nc3 Nc6 6. g3 Nf6 7. Bg2 Be7 8. O-O
O-O 9. b3 Be6 10. Bb2 Rc8 11. dxc5 Bxc5 12. Rc1 a6 13. e3 Ba7 14. Ne2 Ne4 15.
Nfd4 Qe7 16. Nxe6 fxe6 17. Bxe4 dxe4 18. Rc4 Rcd8 19. Qc1 Qd7 20. Rxe4 e5 21.
Qc4+ Kh8 22. Bxe5 Rde8 23. Ba1 Rxe4 24. Qxe4 Qd2 25. Nf4 Qxa2 26. Nh5 Rd8 27.
Bxg7+ Kg8 28. Qe6# 1-0

[Event "20th NATO Chess Ch"]
[Site "Hammelburg"]
[Date "2009.06.15"]
[Round "1.11"]
[White "Demjen, Attila"]
[Black "Sypien, Mateusz"]
[Result "0-1"]
[WhiteElo "2046"]
[BlackElo "2245"]
[PlyCount "78"]
[EventDate "2009.06.??"]
[EventType "swiss"]
[EventRounds "7"]
[EventCountry "GER"]
[SourceDate "2000.01.03"]

1. e4 c5 2. c3 d5 3. exd5 Qxd5 4. d4 Nf6 5. Nf3 Bg4 6. Be2 e6 7. O-O cxd4 8.
cxd4 Nc6 9. Nc3 Qa5 10. Be3 Be7 11. Qb3 Qb4 12. Qxb4 Bxb4 13. Rfd1 O-O 14. a3
Ba5 15. b4 Bb6 16. h3 Bh5 17. Na4 Nd5 18. Nc5 Bxc5 19. dxc5 Nc3 20. Re1 Nxe2+
21. Rxe2 Ne5 22. Bf4 Nxf3+ 23. gxf3 Bxf3 24. Rd2 Bd5 25. Kh2 f6 26. Bd6 Rfd8
27. Rg1 Kf7 28. Kg3 Rac8 29. f3 b6 30. Re1 g5 31. Rxd5 exd5 32. Re7+ Kg6 33.
Bc7 Re8 34. Rxe8 Rxe8 35. cxb6 axb6 36. Bxb6 Ra8 37. Ba5 f5 38. Kf2 f4 39. Ke2
Re8+ 0-1

[Event "20th NATO Chess Ch"]
[Site "Hammelburg"]
[Date "2009.06.15"]
[Round "1.12"]
[White "Giua, Fréderic"]
[Black "Tezcan, Emre"]
[Result "0-1"]
[WhiteElo "2223"]
[BlackElo "2039"]
[PlyCount "70"]
[EventDate "2009.06.??"]
[EventType "swiss"]
[EventRounds "7"]
[EventCountry "GER"]
[SourceDate "2000.01.03"]

1. e4 c5 2. Na3 Nc6 3. Bb5 Nf6 4. d3 a6 5. Bxc6 dxc6 6. f4 e6 7. Nf3 Be7 8. O-O
O-O 9. Nc4 Qc7 10. a4 b5 11. Ne3 Bb7 12. f5 e5 13. g4 Nd7 14. g5 f6 15. g6 h6
16. Ng4 c4 17. dxc4 Nc5 18. Qe2 Nxa4 19. b3 Nb6 20. Bxh6 gxh6 21. Qe3 h5 22.
Nh6+ Kg7 23. Nf7 Rh8 24. c5 Nd7 25. b4 Raf8 26. Nxh8 Rxh8 27. Qb3 Rf8 28. Ne1
a5 29. c3 axb4 30. cxb4 Nxc5 31. bxc5 Bxc5+ 32. Kg2 Bd4 33. Rd1 c5 34. Nf3 Qc6
35. Qc2 Ra8 0-1

[Event "20th NATO Chess Ch"]
[Site "Hammelburg"]
[Date "2009.06.15"]
[Round "1.13"]
[White "Christen, Pierre"]
[Black "Karbowiak, Adam"]
[Result "1/2-1/2"]
[WhiteElo "2024"]
[BlackElo "2217"]
[PlyCount "102"]
[EventDate "2009.06.??"]
[EventType "swiss"]
[EventRounds "7"]
[EventCountry "GER"]
[SourceDate "2000.01.03"]

1. Nf3 Nf6 2. c4 g6 3. b4 Bg7 4. Bb2 O-O 5. g3 a5 6. a3 axb4 7. axb4 Rxa1 8.
Bxa1 b6 9. Bg2 Bb7 10. O-O d6 11. d4 Nc6 12. b5 Na5 13. Nbd2 Ne4 14. Qc2 Qa8
15. d5 Nc5 16. Bxg7 Kxg7 17. Bh3 Bc8 18. Bxc8 Qxc8 19. Nd4 e5 20. N4b3 Naxb3
21. Nxb3 Nxb3 22. Qxb3 Qg4 23. Qa2 Qd4 24. e3 Qd3 25. Rc1 f5 26. Qa7 Rf7 27.
Qa1 Kh6 28. Qc3 Qe2 29. Qc2 Qg4 30. Qd1 Qg5 31. Qd2 Rf8 32. Ra1 Qg4 33. Qc1 f4
34. exf4 exf4 35. Kg2 g5 36. f3 Qf5 37. Qc3 fxg3 38. hxg3 g4 39. Qe3+ Kg6 40.
fxg4 Qxg4 41. Rh1 h5 42. Rh4 Qf5 43. Rf4 Qc2+ 44. Kh3 Rxf4 45. Qxf4 Qe2 46. g4
Qd3+ 47. Kh4 hxg4 48. Qxg4+ Kf6 49. Qe6+ Kg7 50. Qe7+ Kg6 51. Qe6+ Kg7 1/2-1/2

[Event "20th NATO Chess Ch"]
[Site "Hammelburg"]
[Date "2009.06.15"]
[Round "1.14"]
[White "Moen, Steinar"]
[Black "Barquin, Benjamin"]
[Result "1-0"]
[WhiteElo "2214"]
[BlackElo "2019"]
[PlyCount "91"]
[EventDate "2009.06.??"]
[EventType "swiss"]
[EventRounds "7"]
[EventCountry "GER"]
[SourceDate "2000.01.03"]

1. c4 e6 2. g3 Nf6 3. Bg2 d5 4. Nf3 Nbd7 5. O-O Be7 6. d4 dxc4 7. Nbd2 Nb6 8.
Nxc4 Nxc4 9. Qa4+ Bd7 10. Qxc4 Bc6 11. Bf4 O-O 12. Rfd1 h6 13. Rac1 Bd6 14. Be5
a6 15. Qb3 Rb8 16. Bh3 Bd5 17. Qd3 Qe7 18. Bxf6 gxf6 19. e4 Bc6 20. d5 Bd7 21.
Qe3 Kh7 22. e5 fxe5 23. Nxe5 Bc8 24. dxe6 Bxe6 25. Bxe6 Qxe6 26. Qd3+ f5 27.
Nc4 Rbd8 28. Nxd6 cxd6 29. Rc7+ Rf7 30. Rc4 d5 31. Rd4 Rfd7 32. Rd2 Rd6 33. Re2
Qf6 34. Rf4 Rf8 35. Rd2 Qe5 36. Re2 Qf6 37. Kg2 Rd7 38. h3 Kg6 39. b3 h5 40.
Qe3 d4 41. Qd3 Rc8 42. Rxf5 Qc6+ 43. f3 Qc2 44. Rxc2 Rxc2+ 45. Qxc2 d3 46. Qc5
1-0

[Event "20th NATO Chess Ch"]
[Site "Hammelburg"]
[Date "2009.06.15"]
[Round "1.15"]
[White "Nilsen, Terje"]
[Black "Schott, Guido"]
[Result "0-1"]
[WhiteElo "2022"]
[BlackElo "2196"]
[PlyCount "64"]
[EventDate "2009.06.??"]
[EventType "swiss"]
[EventRounds "7"]
[EventCountry "GER"]
[SourceDate "2000.01.03"]

1. d4 d6 2. Nf3 Bg4 3. c4 Nd7 4. Nc3 e5 5. g3 Ngf6 6. Bg2 Be7 7. O-O O-O 8. h3
Bh5 9. Be3 c6 10. Nh4 Re8 11. Nf5 Bf8 12. dxe5 Nxe5 13. b3 Qa5 14. Qd2 Nxc4 15.
bxc4 Qxf5 16. g4 Bxg4 17. hxg4 Nxg4 18. Bf4 d5 19. f3 Bc5+ 20. e3 Qxf4 21. fxg4
Bxe3+ 22. Rf2 Bxd2 23. Rxf4 Bxf4 24. cxd5 cxd5 25. Rb1 d4 26. Nb5 Rac8 27. Kf1
d3 28. Bxb7 Rc2 29. Nd4 Rc4 30. Nb3 d2 31. Rd1 Rc1 32. Bf3 Rxd1+ 0-1

[Event "20th NATO Chess Ch"]
[Site "Hammelburg"]
[Date "2009.06.15"]
[Round "1.18"]
[White "Nielsen, Rene O."]
[Black "Engelen, Johan"]
[Result "1/2-1/2"]
[WhiteElo "2187"]
[BlackElo "1958"]
[PlyCount "66"]
[EventDate "2009.06.??"]
[EventType "swiss"]
[EventRounds "7"]
[EventCountry "GER"]
[SourceDate "2000.01.03"]

1. e4 d5 2. exd5 Qxd5 3. Nc3 Qa5 4. d4 c6 5. Bc4 Bf5 6. Nf3 Nf6 7. Bd2 e6 8.
Qe2 Bb4 9. O-O O-O 10. a3 Bxc3 11. Bxc3 Qc7 12. Bb3 Nbd7 13. Bd2 Rfe8 14. c4 h6
15. Be3 c5 16. h3 Be4 17. Rfd1 Rad8 18. Rac1 b6 19. Bc2 Bb7 20. b4 cxd4 21.
Bxd4 Qf4 22. Ne1 Qg5 23. Be3 Qh4 24. Rd4 Be4 25. Bxe4 Nxe4 26. Qd3 Ndc5 27.
bxc5 Nxc5 28. Qd1 Rxd4 29. Qxd4 Qxd4 30. Bxd4 Nb3 31. Rd1 Rd8 32. Nf3 e5 33.
Nxe5 Rxd4 1/2-1/2

[Event "20th NATO Chess Ch"]
[Site "Hammelburg"]
[Date "2009.06.15"]
[Round "1.19"]
[White "Geroly, Jozsef"]
[Black "Skindzier, Saturnin"]
[Result "0-1"]
[WhiteElo "1978"]
[BlackElo "2186"]
[PlyCount "72"]
[EventDate "2009.06.??"]
[EventType "swiss"]
[EventRounds "7"]
[EventCountry "GER"]
[SourceDate "2000.01.03"]

1. Nf3 Nf6 2. d4 e6 3. Bf4 c5 4. c3 b6 5. Nbd2 Bb7 6. e3 cxd4 7. cxd4 Be7 8.
Be2 O-O 9. h3 Nc6 10. O-O d6 11. a3 Rc8 12. Rc1 Re8 13. Bh2 Bf8 14. b4 Rc7 15.
b5 Na5 16. Nb3 Rxc1 17. Nxc1 Ne4 18. Na2 Qa8 19. Bd3 Rc8 20. Ne1 Nc4 21. Bxc4
Rxc4 22. f3 Nc3 23. Qb3 Qc8 24. Rf2 Nxa2 25. Qxa2 Bd5 26. Rc2 Rxc2 27. Qxc2
Qxc2 28. Nxc2 Bc4 29. a4 Bb3 30. Nb4 Bxa4 31. Nc6 Bxb5 32. Nxa7 Bd7 33. e4 d5
34. Bc7 b5 35. Bb6 b4 36. exd5 exd5 0-1

[Event "20th NATO Chess Ch"]
[Site "Hammelburg"]
[Date "2009.06.15"]
[Round "1.20"]
[White "Mueller, Jason"]
[Black "Steffers, Hendrik"]
[Result "1-0"]
[WhiteElo "2174"]
[BlackElo "1977"]
[PlyCount "115"]
[EventDate "2009.06.??"]
[EventType "swiss"]
[EventRounds "7"]
[EventCountry "GER"]
[SourceDate "2000.01.03"]

1. c4 e5 2. Nc3 Nf6 3. g3 Bc5 4. Bg2 Nc6 5. e3 a6 6. Nge2 Qe7 7. a3 d6 8. O-O
Bg4 9. h3 Bxe2 10. Nxe2 e4 11. Qc2 O-O 12. b4 Ba7 13. Bb2 Ne5 14. Bxe4 Nxe4 15.
Qxe4 Qe6 16. Bxe5 dxe5 17. c5 c6 18. f4 Rad8 19. f5 Qf6 20. Ra2 Bb8 21. Qg4
Rfe8 22. Nc3 e4 23. Nxe4 Rxe4 24. Qxe4 Bxg3 25. d4 h5 26. Rg2 h4 27. Rxg3 hxg3
28. Qg4 g2 29. Kxg2 Kf8 30. h4 Re8 31. Rf3 Qh6 32. Qg5 Qh7 33. Rh3 f6 34. Qg6
Qg8 35. h5 Qd5+ 36. Kh2 Qa2+ 37. Qg2 Qxg2+ 38. Kxg2 a5 39. Kf3 axb4 40. axb4
Ra8 41. Rh1 Ra2 42. b5 Rb2 43. bxc6 bxc6 44. h6 gxh6 45. Rxh6 Kg7 46. Rh1 Rb8
47. Ra1 Kh6 48. Kf4 Rf8 49. Ra7 Rg8 50. Ra6 Rc8 51. d5 cxd5 52. Rxf6+ Kg7 53.
Rg6+ Kf7 54. c6 Re8 55. Re6 Ra8 56. c7 Rc8 57. Rc6 Ke7 58. Ke5 1-0

[Event "20th NATO Chess Ch"]
[Site "Hammelburg"]
[Date "2009.06.15"]
[Round "1.21"]
[White "Ola, Nathaniel"]
[Black "Delforge, Guy"]
[Result "1-0"]
[WhiteElo "1975"]
[BlackElo "2173"]
[PlyCount "101"]
[EventDate "2009.06.??"]
[EventType "swiss"]
[EventRounds "7"]
[EventCountry "GER"]
[SourceDate "2000.01.03"]

1. e4 c6 2. Nf3 d5 3. exd5 cxd5 4. Ne5 Nc6 5. Bb5 Bd7 6. Nxd7 Qxd7 7. O-O e6 8.
d4 a6 9. Be2 Bd6 10. c4 Nge7 11. Nc3 O-O 12. cxd5 Nxd5 13. Bf3 Nxc3 14. bxc3
Rac8 15. Qa4 Rc7 16. Be3 Ne5 17. Qxd7 Nxf3+ 18. gxf3 Rxd7 19. Rab1 b5 20. a4
bxa4 21. Rb6 Be7 22. c4 h6 23. c5 Rc8 24. Rc1 Bg5 25. f4 Bf6 26. Rc4 a5 27.
Rxa4 Bd8 28. Rb5 Rc6 29. Kg2 g5 30. Kf3 Kg7 31. Ke4 f6 32. Bd2 f5+ 33. Kf3 Bc7
34. Rb7 g4+ 35. Ke2 Kf6 36. Rxa5 Bxa5 37. Rxd7 Bxd2 38. Kxd2 Ra6 39. Kc3 Ra1
40. Rd6 Ke7 41. Kd2 h5 42. d5 exd5 43. Rxd5 Ra2+ 44. Ke3 Ra3+ 45. Kd4 Ke6 46.
Rd6+ Ke7 47. Ke5 Ra2 48. Rh6 Re2+ 49. Kxf5 Rxf2 50. Rxh5 Rc2 51. Kxg4 1-0

[Event "20th NATO Chess Ch"]
[Site "Hammelburg"]
[Date "2009.06.15"]
[Round "1.22"]
[White "Sirch, Franz"]
[Black "Parisse, Denis"]
[Result "1-0"]
[WhiteElo "2172"]
[BlackElo "1960"]
[PlyCount "63"]
[EventDate "2009.06.??"]
[EventType "swiss"]
[EventRounds "7"]
[EventCountry "GER"]
[SourceDate "2000.01.03"]

1. e4 e6 2. d4 d5 3. Nc3 Nf6 4. Bg5 dxe4 5. Nxe4 Be7 6. Bxf6 gxf6 7. Nf3 f5 8.
Nc3 Bf6 9. Qd2 Nc6 10. Bb5 O-O 11. Bxc6 bxc6 12. Na4 Qd5 13. O-O Rd8 14. Nc3
Qc4 15. Qh6 Bg7 16. Qh5 f6 17. Rad1 Ba6 18. Rfe1 Rab8 19. d5 cxd5 20. Nd4 e5
21. Nxf5 d4 22. Qg4 Rd7 23. Ne4 Qc6 24. c3 d3 25. b4 Kh8 26. Re3 Rg8 27. Qh5
Bb7 28. Nh4 h6 29. h3 Qb6 30. Nc5 Rd6 31. Ng6+ Kh7 32. Qf5 1-0

[Event "20th NATO Chess Ch"]
[Site "Hammelburg"]
[Date "2009.06.15"]
[Round "1.24"]
[White "Van Rijn, Wouter"]
[Black "Onley, David"]
[Result "1-0"]
[WhiteElo "2161"]
[BlackElo "1952"]
[PlyCount "89"]
[EventDate "2009.06.??"]
[EventType "swiss"]
[EventRounds "7"]
[EventCountry "GER"]
[SourceDate "2000.01.03"]

1. e4 c5 2. Nf3 e6 3. d4 cxd4 4. Nxd4 Nc6 5. Nc3 a6 6. Be2 Nge7 7. O-O Nxd4 8.
Qxd4 Nc6 9. Qd3 Qc7 10. f4 Nb4 11. Qd1 Be7 12. a3 Nc6 13. Be3 b5 14. e5 Bb7 15.
Bd3 Na5 16. Ne4 Nc4 17. Bd4 Qc6 18. Qe2 Nb6 19. Rac1 Rc8 20. f5 Nc4 21. Qg4 Qd5
22. Kh1 g6 23. fxg6 hxg6 24. Qf4 Rh4 25. Qxf7+ Kd8 26. Qf2 Rxe4 27. Bxe4 Qxe4
28. b3 Qxg2+ 29. Qxg2 Bxg2+ 30. Kxg2 Nxa3 31. c3 Bg5 32. Rf8+ Kc7 33. Rxc8+
Kxc8 34. Ra1 Nc2 35. Rxa6 Nxd4 36. cxd4 Be3 37. Rd6 Bd2 38. Kf3 b4 39. Ke4 Kc7
40. Kd3 Bc3 41. Kc4 Bd2 42. h3 g5 43. Kc5 Bc3 44. Ra6 Kb7 45. Ra2 1-0

[Event "20th NATO Chess Ch"]
[Site "Hammelburg"]
[Date "2009.06.15"]
[Round "1.25"]
[White "Mankauskas, Donatas"]
[Black "De Waard, Marco"]
[Result "0-1"]
[WhiteElo "1950"]
[BlackElo "2160"]
[PlyCount "56"]
[EventDate "2009.06.??"]
[EventType "swiss"]
[EventRounds "7"]
[EventCountry "GER"]
[SourceDate "2000.01.03"]

1. d4 d5 2. c4 c6 3. cxd5 cxd5 4. Nc3 Nc6 5. Nf3 Nf6 6. Bg5 Ne4 7. e3 Nxg5 8.
Nxg5 e6 9. Nf3 Bd6 10. a3 Bd7 11. Bd3 O-O 12. O-O f5 13. Qb3 Na5 14. Qa2 Be8
15. Rac1 Nc6 16. g3 Rc8 17. Nb5 Bb8 18. b4 g5 19. Qb1 Bh5 20. Ne1 Qe7 21. h3 a6
22. Nc3 f4 23. Ng2 fxg3 24. b5 gxf2+ 25. Rxf2 Rxf2 26. bxc6 Rxg2+ 27. Kxg2 Qd6
28. Bxh7+ Kh8 0-1

[Event "20th NATO Chess Ch"]
[Site "Hammelburg"]
[Date "2009.06.15"]
[Round "1.26"]
[White "Silva, Jose Luis"]
[Black "Cuadrado, Lopez Francisco Jav"]
[Result "0-1"]
[WhiteElo "2159"]
[BlackElo "1941"]
[PlyCount "76"]
[EventDate "2009.06.??"]
[EventType "swiss"]
[EventRounds "7"]
[EventCountry "GER"]
[SourceDate "2000.01.03"]

1. d4 Nf6 2. c4 c5 3. d5 b5 4. cxb5 a6 5. bxa6 Bxa6 6. Nc3 g6 7. f4 Bg7 8. Nf3
d6 9. e4 Bxf1 10. Rxf1 O-O 11. Qe2 Qa5 12. Bd2 Qa6 13. a4 Qxe2+ 14. Kxe2 Nbd7
15. h3 Rfb8 16. Rfb1 Rb4 17. Kd3 c4+ 18. Kc2 Nc5 19. Nd4 Nb3 20. Nxb3 cxb3+ 21.
Kd3 Nd7 22. Be3 f5 23. exf5 gxf5 24. a5 Nc5+ 25. Bxc5 dxc5 26. g3 Ra6 27. Re1
Rd4+ 28. Ke3 e6 29. dxe6 Rxe6+ 30. Kf2 Rd2+ 31. Kf1 Rxe1+ 32. Rxe1 Bxc3 33. a6
Rxb2 34. a7 Ra2 35. Re8+ Kf7 36. a8=Q Rxa8 37. Rxa8 b2 38. Rb8 Bb4 0-1